000 01101nam a2200481Ia 4500
001 10763
003 21633
005 20240715093924.0
008 ||||||n9999 ||| || ||
041 _aspa
082 _221
_a658
100 _aLuck, David
_917935
245 0 _aInvestigacion y analisis del mercado
_bAplicaciones y casos
250 _a3ed
260 _aEspaña :
_bHispano Europea,
_c1962.
300 _a725p
490 _aBiblioteca de dirección, organización y administración de empresas
562 _e3
650 _aCONTROL Y SEGUIMIENTO DE MERCADOS
_917936
650 _aSISTEMA DE MERCADOS
_99731
942 _cBKM
942 _cBKM
999 _c10763
_d10763
526 _a102617
526 _a102618
526 _a15794
526 _a102619
526 _a102620
526 _a10406
526 _a105630
526 _a1698
526 _a116204
526 _a4969
526 _a19790
526 _a104436
526 _a5144
526 _a51868
526 _a3899
526 _a9683
526 _a
526 _a1703
526 _a1697
526 _a17598